Taylor on hockey

Bibliographic Details
Main Author: Taylor, Ian
Other Authors: Vear, David
Format: Book
Published: London : A Queen Anne Press , 1988
Subjects:

MARC

LEADER 00000cam a2200000 7i4500
001 0000003329
002 000003592
005 20000330.0
020 |a 0356151409 
090 0 0 |a 796.355   |b TAY 
100 1 |a Taylor, Ian 
245 1 0 |a Taylor on hockey   |c Ian Taylor with David Vear 
260 |a London :   |b A Queen Anne Press ,   |c 1988 
300 |a 131 p. :   |b ill. ;   |c 24 cm. 
650 0 0 |a Field hockey 
700 1 |a Vear, David 
999 |a 036909   |b BUKU   |c PINJAMAN   |e PERPUSTAKAAN KOMUNITI PETALING JAYA